Eurovisión: España en el Festival - ¡Muerte súbita! - Estadísticas

Estadísticas generales
  • Esta prueba ha sido intentada 1.736 veces
  • La puntuación promedio es 17 de 60
Answers on the Grid
Answers color-coded by a green-red scale on the quiz's grid according to % correct below.
Conchita Bautista
Víctor Balaguer
José Guardiola
Los TNT
Raphael
Massiel
Salomé
Julio Iglesias
Karina
Jaime Morey
Mocedades
El Consorcio
Peret
Sergio y Estíbaliz
Braulio
Micky
José Vélez
Betty Missiego
Trigo Limpio
Bachelli
Lucía
Remedios Amaya
Lola Flores
Rocío Jurado
Bravo
Paloma San Basilio
Cadillac
Baccara
Megara
Patricia Kraus
La Década Prodigiosa
Nina
Azúcar Moreno
Los Chunguitos
Sergio Dalma
Miguel Bosé
Serafín Zubiri
Eva Santamaría
Alejandro Abad
Camilo Sexto
Anabel Conde
Antonio Carbonell
Marcos Llunas
Dyango
Mikel Herzog
Lydia
Alazán
Raúl
Sonia y Selena
David Civera
Rosa López
Beth
Ramón del Castillo
Son de Sol
Las Ketchup
David Bisbal
David Bustamante
Chenoa
Gisela
D'Nash
Rodolfo Chikilicuatre
Soraya Arnelas
Daniel Diges
John Cobra
Auryn
Lucía Pérez
Pastora Soler
Malú
Vanessa Martín
El Sueño de Morfeo
La Oreja de Van Gogh
El Canto del Loco
Ruth Lorenzo
Brequette
Edurne
Barei
King Africa
Xuso Jones
Mirela
Manel Navarro
Amaia y Alfred
Miki Núñez
Blas Cantó
Dani Fernández
María Isabel
Antonio José
Melani
Chloe de la Rosa
Chanel
Blanca Paloma
Nebulossa
Sandra Valero
Concha Piquer
Leticia Sabater
Ketama
Alejandro Sanz
Agoney
Rigoberta Bandini
Tanxugueiras
Angy Fernández
Jennifer
Abraham Mateo
Aitana y Ana Guerra
Ana Mena
Laura Pausini
Rosalía
Amaia Montero
Davinia
Lérica
Aritz Arén
 
Estadísticas de respuestas
Respuesta % Correcto
Chanel
48%
Edurne
46%
Blas Cantó
45%
Massiel
44%
Miki Núñez
44%
Amaia y Alfred
43%
Nebulossa
43%
Pastora Soler
43%
Rodolfo Chikilicuatre
43%
Ruth Lorenzo
43%
Azúcar Moreno
42%
Blanca Paloma
42%
Manel Navarro
42%
Rosa López
42%
Salomé
40%
Barei
38%
Sergio Dalma
38%
Las Ketchup
37%
Mocedades
37%
Soraya Arnelas
36%
Beth
35%
Daniel Diges
34%
Karina
34%
Raphael
34%
El Sueño de Morfeo
33%
Julio Iglesias
33%
David Civera
32%
Betty Missiego
31%
Remedios Amaya
31%
Paloma San Basilio
29%
Nina
28%
Conchita Bautista
27%
D'Nash
27%
Anabel Conde
26%
Serafín Zubiri
26%
Son de Sol
25%
Lucía Pérez
23%
Micky
23%
Mikel Herzog
22%
Peret
21%
Alejandro Abad
20%
Sergio y Estíbaliz
20%
Lucía
19%
Lydia
19%
José Vélez
18%
Bravo
17%
Eva Santamaría
17%
Los TNT
17%
Patricia Kraus
17%
Víctor Balaguer
17%
La Década Prodigiosa
16%
Ramón del Castillo
16%
Braulio
15%
José Guardiola
14%
Marcos Llunas
14%
Antonio Carbonell
13%
Trigo Limpio
13%
Cadillac
12%
Jaime Morey
12%
Bachelli
9%
No se encontraron pruebas coincidentes
Distribución de puntuación
Porcentaje de gente con cada puntuación
Porcentaje por número respondido
Historial de tus puntuaciones
No has intentado esta prueba.